000 00289nam a2200133Ia 4500
100 _aMorgan/R/ Mcgilton/H
942 _cBK
654 _aUnix
245 _aIntroducing Unix system V
260 _bMcGraw Hill
_aNew York
_c1987
082 _a5.13
_bMOR
300 _a612
546 _aENGLISH
999 _c27243
_d27243